Statistics for 两晋荆州刺史

Click here to take the quiz!

General Stats

  • This quiz has been taken 4 times
  • The average score is 16 of 40

Answer Stats

HintAnswer% Correct
隆安四年三月-元兴元年三月桓玄
100%
永和元年八月-兴宁二年五月桓温
100%
太兴元年十一月-永昌元年四月王敦
100%
建兴元年-三年八月陶侃
75%
太宁三年五月-咸和九年六月陶侃
75%
义熙八年四月-十月刘毅
75%
义熙元年-八年四月刘道规
50%
咸康六年正月-永和元年七月庾翼
50%
泰始九年-咸宁三年正月王戎
50%
义熙十一月四月-十四年正月刘道怜
50%
太元二年十月-九年二月桓冲
50%
义熙十四年正月-刘义隆
50%
太元十七年十一月-隆安三年十二月殷仲堪
50%
咸和九年六月-咸康六年正月庾亮
50%
太元九年二月-十四年六月桓石民
25%
义熙八年十月-十一年三月司马休之
25%
元兴元年三月-二年八月桓伟
25%
元兴二年八月-三年四月桓石康
25%
兴宁三年二月-太元二年八月桓豁
25%
元兴三年四月-义熙元年三月司马休之
25%
义熙元年三月-九月魏咏之
25%
太元十四年七月-十七年十月王忱
25%
泰始元年十二月-五年二月胡烈
25%
泰始中-八年十二月杨肇
25%
元康中刘彪
25%
咸宁三年正月宋庭
25%
太康初胡奋
25%
太康中郑崇
25%
太康中-永熙元年孙旂
25%
永熙元年-元康中石崇
25%
元康中夏侯含
25%
元康中-太安二年五月宗岱
25%
永昌元年十月-太宁元年十一月王含
25%
太安二年张奕
25%
太安二年五月-光熙元年刘弘
25%
光熙元年-永嘉六年王澄
25%
永嘉六年-建兴元年周顗
25%
建兴三年八月-太兴元年王廙
25%
永昌元年四月-十月王廙
25%
太宁元年十一月-三年五月王舒
25%

Score Distribution

Percentile by Number Answered

Percent of People with Each Score

Your Score History

You have not taken this quiz